000 00310nam a22001337a 4500
008 181022b xxu||||| |||| 00| 0 eng d
020 _a9780195059199
041 _aeng
080 _a821
100 _a21
101 _aGJL
245 _aAnnals of American Literature 1602-1983
_cLudwig, R.M
942 _2udc
_cBK
999 _c50538
_d50538